Código de comercio: anotado y concordado, índice temático alfabético

Na minha lista:
Detalhes bibliográficos
Formato: Livro
Idioma:espanhol
Publicado em: Santiago LexisNexis 2003
Edição:3a. ed
Colecção:Colección Códigos de la República de Chile
Assuntos:
Tags: Adicionar Tag
Sem tags, seja o primeiro a adicionar uma tag!

MARC

LEADER 00000nam a2200000 a 4500
001 UCL5753
003 CL-VaPUC
008 040319e20030100CL |||||||||||||||||spa|d
020 |a 9562383830 
082 0 4 |a 346.8307  |b COD  |2 21 
245 1 0 |a Código de comercio: anotado y concordado, índice temático alfabético 
250 |a 3a. ed 
300 |a 994 p 
942 |c BK 
945 |d 20040319 00:00:00  |a cmena 
260 |a Santiago  |b LexisNexis  |c 2003 
500 |a Edición actualizada al 28 de enero de 2003 
650 0 |a Derecho comercial   |9 256340 
650 0 |a Código de comercio   |9 329302 
651 7 |a CHILE  |2 CL-VaPUC  |9 483447 
583 |a last modification  |c 20040319 00:00:00  |k Rodrigo Vera 
490 0 |a Colección Códigos de la República de Chile 
999 |c 308181  |d 308179 
952 |0 0  |1 0  |4 0  |6 346_830700000000000_COD_2003  |7 0  |8 A  |9 374480  |a BIBGIM  |b BIBGIM  |d 2019-11-21  |i 3994686  |o 346.8307 COD 2003  |p 3994686  |r 2025-01-15  |w 2019-11-21  |y BK  |k COM